Sociedad, cultura y personalidad : (Record no. 145397)

MARC details
000 -LEADER
campo de control de longitud fija 01007nam a2200253 4500
001 - NÚMERO DE CONTROL
campo de control 145397
003 - IDENTIFICADOR DE NÚMERO DE CONTROL
campo de control ES-MaACL
005 - FECHA Y HORA DE LA ÚLTIMA TRANSACCIÓN
campo de control 20250815033624.0
007 - CAMPO FIJO DE DESCRIPCIÓN FÍSICA--INFORMACIÓN GENERAL
campo de control de longitud fija t|
008 - DATOS DE LONGITUD FIJA--INFORMACIÓN GENERAL
campo de control de longitud fija 070214s1960 sp r ||||1| spa d
100 1# - ENTRADA PRINCIPAL--NOMBRE DE PERSONA
Nombre de persona Sorokin, Pitirim A.
9 (RLIN) 107417
245 10 - MENCIÓN DEL TÍTULO
Título Sociedad, cultura y personalidad :
Resto del título su estructura y su dinámica : sistema de sociología general /
Mención de responsabilidad, etc. Pitirim A. Sorokin ; traducción del inglés por Aníbal del Campo ; revisada por José Rovira Armengol y supervisada por José María Bolaño.
260 ## - PUBLICACIÓN, DISTRIBUCIÓN, ETC.
Lugar de publicación, distribución, etc. Madrid :
Nombre del editor, distribuidor, etc. Aguilar,
Fecha de publicación, distribución, etc. 1960 (
Fabricante Selecciones Gráf.)
300 ## - DESCRIPCIÓN FÍSICA
Extensión 2 v. (XXXI, 1122 p.) ;
Dimensiones 22 cm.
490 1# - MENCIÓN DE SERIE
Mención de serie Cultura e historia
650 ## - PUNTO DE ACCESO ADICIONAL DE MATERIA--TÉRMINO DE MATERIA
Término de materia o nombre geográfico como elemento de entrada Personalidad y cultura.
9 (RLIN) 173671
650 #4 - PUNTO DE ACCESO ADICIONAL DE MATERIA--TÉRMINO DE MATERIA
Término de materia o nombre geográfico como elemento de entrada Sociología de la cultura.
9 (RLIN) 146353
700 1# - ENTRADA AGREGADA--NOMBRE PERSONAL
Nombre de persona Campo, Aníbal del.
9 (RLIN) 34191
700 1# - ENTRADA AGREGADA--NOMBRE PERSONAL
Nombre de persona Rovira Armengol, José.
9 (RLIN) 100141
700 1# - ENTRADA AGREGADA--NOMBRE PERSONAL
Nombre de persona Bolaño, José María.
9 (RLIN) 29940
830 10 - PUNTO DE ACCESO ADICIONAL DE SERIE-TÍTULO UNIFORME
Título uniforme Cultura e historia
9 (RLIN) 182356
852 ## - LOCALIZACIÓN
Ubicación ES-MaACL
Número de control de estantería C-17548-49
Holdings
Estatus retirado Estado de pérdida Estado de daño No para préstamo Biblioteca de origen Biblioteca actual Ubicación en estantería Fecha de adquisición Fuente de adquisición Total de préstamos Signatura topográfica completa Código de barras Visto por última vez Precio de reemplazo Tipo de ítem Koha
        Biblioteca del Ateneo de Madrid Biblioteca del Ateneo de Madrid Mesetón 17/01/2008     C-17548-49 1151771 23/02/2023 23/02/2023 Libro impreso